Statistics for Artists with the Most Grammy Awards

Click here to take the quiz!

General Stats

  • This quiz has been taken 248 times
  • The average score is 3 of 17

Answer Stats

HintAnswer% Correct
28Beyoncé
87%
23Jay-Z
57%
22Kanye West
49%
22U2
23%
22Stevie Wonder
18%
28Quincy Jones
17%
25John Williams
12%
20Bruce Springsteen
11%
27Alison Krauss
9%
31George Solti
4%
22Vince Gill
1%
20Al Schmitt
0%
25Chick Corea
0%
20Henry Mancini
0%
20Pat Metheney
0%
26Pierre Boulez
0%
25Vladimir Horowitz
0%

Score Distribution

Percentile by Number Answered

Percent of People with Each Score

Your Score History

You have not taken this quiz